[Event "St Petersburg Korchnoi Memorial op"]
[Site "St Petersburg"]
[Date "2019.08.19"]
[Round "6"]
[White "Zhakamukhov, Eduard"]
[Black "Kozubov, Mikhail"]
[Result "1-0"]
[WhiteElo "2092"]
[BlackElo "1724"]
[PlyCount "79"]
[EventDate "2019.08.14"]
[EventType "swiss"]
[EventRounds "9"]
[EventCountry "RUS"]
[SourceTitle "CBM 192"]
[Source "ChessBase"]
[SourceDate "2019.10.31"]
[SourceVersion "1"]
[SourceVersionDate "2019.10.31"]
[SourceQuality "1"]

1. e4 e6 2. d4 d5 3. Nd2 dxe4 4. Nxe4 Nf6 5. Nxf6+ Qxf6 6. Nf3 h6 7. Bd3 Bd6 8. 0-0 0-0 9. Qe2 Nc6 10. Qe4 Rd8 11. Bd2 Bd7 12. Bc3 Qf5 13. Qxf5 exf5 14. a3 Re8 15. b4 a6 16. Bb2 Ne7 17. c4 c6 18. Rfd1 Rad8 19. Rac1 Ng6 20. Kf1 Nf4 21. Bc2 g5 22. g3 Ng6 23. Nd2 Bf8 24. Nb3 Bg7 25. Nc5 Bc8 26. Ba1 b6 27. Na4 b5 28. Nb6 f4 29. Nxc8 Rxc8 30. Bf5 Rcd8 31. Bxg6 fxg6 32. cxb5 cxb5 33. Rc6 f3 34. Rxg6 Kh7 35. Rc6 Rd5 36. h3 Red8 37. Rc7 Kg8 38. Rd3 Bxd4 39. Bxd4 Rxd4 40. Rxf3 1-0

[Event "St Petersburg Korchnoi Memorial op"]
[Site "St Petersburg"]
[Date "2019.08.18"]
[Round "5"]
[White "Goltsev, Dmitry"]
[Black "Zhakamukhov, Eduard"]
[Result "1-0"]
[WhiteElo "2295"]
[BlackElo "2092"]
[PlyCount "111"]
[EventDate "2019.08.14"]
[EventType "swiss"]
[EventRounds "9"]
[EventCountry "RUS"]
[SourceTitle "CBM 192"]
[Source "ChessBase"]
[SourceDate "2019.10.31"]
[SourceVersion "1"]
[SourceVersionDate "2019.10.31"]
[SourceQuality "1"]

1. e4 c6 2. d4 d5 3. e5 Bf5 4. Nf3 e6 5. Be2 c5 6. 0-0 Nc6 7. c3 Nge7 8. a3 a5 9. dxc5 Be4 10. Nbd2 Bxf3 11. Nxf3 Ng6 12. Be3 Ngxe5 13. Nxe5 Nxe5 14. b4 Be7 15. Bd4 Bf6 16. Bb5+ Nc6 17. Qa4 0-0 18. Bxc6 axb4 19. Qb3 bxc6 20. Bxf6 Qxf6 21. axb4 Qe7 22. Ra4 e5 23. Rfa1 Rxa4 24. Qxa4 Qd7 25. Qa7 Qe6 26. Qb7 d4 27. cxd4 exd4 28. b5 d3 29. Qxc6 Qe5 30. Rf1 Rd8 31. Qb6 Qd4 32. Qa5 d2 33. Rd1 h5 34. c6 Kh7 35. h3 Qd3 36. Qxd2 Qxd2 37. Rxd2 Rxd2 38. c7 Rc2 39. b6 g6 40. b7 Rxc7 41. b8Q Rc1+ 42. Kh2 Rc5 43. Qf8 Rf5 44. Kg1 Rf6 45. Kf1 Rf5 46. f3 Rf6 47. Kf2 Rf5 48. g3 g5 49. Ke3 Rf6 50. f4 g4 51. hxg4 hxg4 52. Ke4 Re6+ 53. Kf5 Rf6+ 54. Kxg4 Rg6+ 55. Kf3 Rg7 56. f5 1-0

[Event "RUS-chT blitz"]
[Site "Sochi"]
[Date "2018.10.10"]
[Round "1.9"]
[White "Chigaev, Maksim"]
[Black "Zhakamukhov, Eduard"]
[Result "1-0"]
[WhiteElo "2599"]
[BlackElo "2068"]
[PlyCount "69"]
[EventDate "2018.10.10"]
[EventType "team-swiss (blitz)"]
[EventRounds "15"]
[EventCountry "RUS"]
[SourceTitle "CBM 186 Extra"]
[Source "ChessBase"]
[SourceDate "2018.08.24"]
[SourceVersion "1"]
[SourceVersionDate "2018.08.24"]
[SourceQuality "1"]
[WhiteTeam "Sochi Archibald Chess"]
[BlackTeam "Stavropol Region II"]
[WhiteTeamCountry "RUS"]
[BlackTeamCountry "RUS"]

1. e4 c6 2. d4 d5 3. exd5 cxd5 4. Bd3 Nf6 5. c3 Nc6 6. h3 g6 7. Qc2 Bg7 8. Nf3 0-0 9. 0-0 Qc7 10. Re1 e6 11. Nbd2 a6 12. Nf1 b5 13. a3 Qb6 14. Qe2 Na5 15. Bf4 Nc4 16. Ne3 a5 17. Ne5 Ba6 18. N3g4 Nxe5 19. Nxe5 Rfc8 20. Qf3 Ra7 21. Bg5 Ne8 22. Ng4 b4 23. Bxa6 Qxa6 24. axb4 Qb6 25. bxa5 Qxb2 26. Reb1 Qc2 27. Rc1 Qb2 28. Nh6+ Bxh6 29. Bxh6 f5 30. Qe3 Ra6 31. Rab1 Qa3 32. Rb6 Rxb6 33. axb6 Qd6 34. b7 Rb8 35. Bf4 1-0

[Event "RUS-chT rapid"]
[Site "Sochi"]
[Date "2018.10.08"]
[Round "4.1"]
[White "Alexeev, Alexey"]
[Black "Zhakamukhov, Eduard"]
[Result "1/2-1/2"]
[WhiteElo "2287"]
[BlackElo "2068"]
[PlyCount "121"]
[EventDate "2018.10.08"]
[EventType "team-swiss (rapid)"]
[EventRounds "9"]
[EventCountry "RUS"]
[SourceTitle "CBM 186 Extra"]
[Source "ChessBase"]
[SourceDate "2018.08.24"]
[SourceVersion "1"]
[SourceVersionDate "2018.08.24"]
[SourceQuality "1"]
[WhiteTeam "Krym Kimmeriya"]
[BlackTeam "Stavropol Region II"]
[WhiteTeamCountry "RUS"]
[BlackTeamCountry "RUS"]

1. e4 c6 2. d4 d5 3. e5 Bf5 4. Nf3 h6 5. Be2 Nd7 6. Nh4 e6 7. Nxf5 exf5 8. Bd3 g6 9. c4 Bb4+ 10. Nc3 Qh4 11. 0-0 Ne7 12. cxd5 Qxd4 13. Be3 Qxe5 14. dxc6 bxc6 15. Re1 Qf6 16. Bc4 Bc5 17. Qe2 Kf8 18. Rad1 Bxe3 19. Rxd7 Bc5 20. a3 Kg7 21. Na4 Bd6 22. Rd1 Nd5 23. Bxd5 cxd5 24. Rxd5 Rhe8 25. Qf1 Re6 26. g3 Rae8 27. Rd1 f4 28. Nc3 fxg3 29. hxg3 Bxa3 30. Nd5 Qxb2 31. Rxa7 Bc5 32. Ra5 Bd6 33. Rb5 Qc2 34. Ra1 Qe4 35. Rd1 h5 36. Qd3 Qxd3 37. Rxd3 Be5 38. Kg2 Bf6 39. Nc7 Re5 40. Nxe8+ Rxe8 41. Rb7 Re7 42. Rdd7 Rxd7 43. Rxd7 h4 44. g4 g5 45. Rd3 Be5 46. Rh3 Kg6 47. f3 f6 48. Kf2 Bf4 49. Ke2 Bg3 50. Kd3 Be5 51. Ke4 Bg3 52. Rh1 Be5 53. Kd5 Bf4 54. Ke6 Be5 55. Ke7 Kg7 56. Ke6 Kg6 57. Rh3 Bg3 58. Rh1 Be5 59. Rh3 Bg3 60. Kd5 Be5 61. Rh1 1/2-1/2

[Event "RUS-chT rapid"]
[Site "Sochi"]
[Date "2018.10.08"]
[Round "1.1"]
[White "Zhakamukhov, Eduard"]
[Black "Sychev, Klementy"]
[Result "0-1"]
[WhiteElo "2068"]
[BlackElo "2534"]
[PlyCount "56"]
[EventDate "2018.10.08"]
[EventType "team-swiss (rapid)"]
[EventRounds "9"]
[EventCountry "RUS"]
[SourceTitle "CBM 186 Extra"]
[Source "ChessBase"]
[SourceDate "2018.08.24"]
[SourceVersion "1"]
[SourceVersionDate "2018.08.24"]
[SourceQuality "1"]
[WhiteTeam "Stavropol Region II"]
[BlackTeam "Karpov Chess School"]
[WhiteTeamCountry "RUS"]
[BlackTeamCountry "RUS"]

1. e4 e5 2. Nf3 Nc6 3. Bb5 g6 4. Bxc6 dxc6 5. d4 exd4 6. Qxd4 Qxd4 7. Nxd4 Bg7 8. c3 Bd7 9. Be3 c5 10. Ne2 b6 11. Na3 Ne7 12. Ng3 0-0-0 13. 0-0-0 Be6 14. Kb1 h5 15. h4 Nc6 16. f4 Bg4 17. Rxd8+ Rxd8 18. Kc2 a6 19. Nb1 c4 20. e5 Ne7 21. Nd2 Nd5 22. Re1 Bh6 23. Bd4 Nxf4 24. Rf1 Nxg2 25. Nxc4 Be6 26. Na3 Nxh4 27. b4 Ng2 28. Nb1 h4 0-1

[Event "RUS-ch blitz"]
[Site "Sochi"]
[Date "2017.10.02"]
[Round "6"]
[White "Zhakamukhov, Eduard"]
[Black "Popov, Mikhail"]
[Result "0-1"]
[WhiteElo "1882"]
[BlackElo "2416"]
[PlyCount "100"]
[EventDate "2017.10.02"]
[EventType "swiss (blitz)"]
[EventRounds "20"]
[EventCountry "RUS"]
[SourceTitle "EXT 2018"]
[Source "ChessBase"]
[SourceDate "2017.10.13"]
[SourceVersion "1"]
[SourceVersionDate "2017.10.13"]
[SourceQuality "1"]

1. e4 g6 2. d4 Bg7 3. Nf3 d6 4. Bc4 Nf6 5. Qe2 0-0 6. 0-0 Nc6 7. c3 e5 8. dxe5 dxe5 9. Rd1 Qe8 10. Bg5 h6 11. Bh4 a6 12. a4 Be6 13. Nbd2 Nh5 14. Bxe6 Qxe6 15. Qc4 Qxc4 16. Nxc4 g5 17. Bg3 Nxg3 18. hxg3 Rfd8 19. g4 f6 20. Kf1 Bf8 21. Ke2 Kf7 22. Ne3 Na5 23. b4 Nc6 24. Nd5 Rac8 25. Rd2 a5 26. b5 Nb8 27. Rad1 Bc5 28. c4 Rd6 29. Ne1 Nd7 30. Nc2 c6 31. Nde3 Rxd2+ 32. Rxd2 Nb6 33. Na1 Bxe3 34. fxe3 Ke6 35. c5 Nxa4 36. Rd6+ Ke7 37. bxc6 bxc6 38. Rd2 Nxc5 39. Ra2 a4 40. Nc2 Nxe4 41. Kd3 Nc5+ 42. Kc4 Nd7 43. Nb4 Kd6 44. Nd3 Rb8 45. Kc3 Nb6 46. Nf2 Nd5+ 47. Kd2 Rb4 48. Rc2 a3 49. Ra2 Rb2+ 50. Rxb2 axb2 0-1